Countries on the Tropic of Cancer - Statistics

General Stats
  • This quiz has been taken 142 times
  • The average score is 14 of 17
Answer Stats
Country % Correct
China
97%
India
97%
Egypt
94%
Mexico
94%
Libya
92%
Saudi Arabia
92%
Algeria
84%
Bangladesh
82%
Mali
80%
Myanmar
80%
United Arab Emirates
79%
Mauritania
75%
Oman
72%
Niger
69%
Taiwan
67%
Bahamas
64%
Western Sahara
45%
No matching quizzes found
Score Distribution
Percent of People with Each Score
Percentile by Number Answered
Your Score History
You have not taken this quiz